|
|
|
|
| LEADER |
01026nam a2200277 a 4500 |
| 001 |
2488584 |
| 008 |
091121s1993 enka b 001 0 eng d |
| 010 |
|
|
|a 91038731
|
| 020 |
|
|
|a 0521364760 (hardback)
|
| 020 |
|
|
|a 052136728X (paperback)
|
| 040 |
|
|
|a DLC
|c DLC
|d DLC
|
| 082 |
0 |
0 |
|a 331.2/1
|2 20
|
| 100 |
1 |
|
|a Polachek, S. W.
|
| 245 |
1 |
4 |
|a The economics of earnings /
|c S.W. Polachek and W.S. Siebert.
|
| 260 |
|
|
|a Cambridge ;
|a New York :
|b Cambridge University Press,
|c 1993.
|
| 300 |
|
|
|a xvi, 367 p. :
|b ill. ;
|c 24 cm.
|
| 504 |
|
|
|a Includes bibliographical references (p. 330-350) and indexes.
|
| 541 |
1 |
|
|e 00012503
|
| 650 |
|
0 |
|a Wages.
|
| 650 |
|
0 |
|a Occupations.
|
| 650 |
|
0 |
|a Labor market.
|
| 650 |
|
0 |
|a Labor economics.
|
| 700 |
1 |
|
|a Siebert, W. S.
|
| 852 |
4 |
|
|a Ayesha Abed Library
|j General Shelf.
|
| 999 |
|
|
|c 5779
|d 5779
|
| 952 |
|
|
|0 0
|1 0
|2 ddc
|4 0
|6 331_210000000000000_POL
|7 0
|9 5727
|a BRACUL
|b BRACUL
|c GEN
|d 2009-11-22
|g 0.00
|l 0
|o 331.21 POL
|p 3010012503
|r 2009-11-22
|t 1
|w 2009-11-22
|y BK
|x No price found in the accession register.
|